[Event "ISR-chT 2019"]
[Site "Israel"]
[Date "2019.02.08"]
[Round "3.17"]
[White "Psakhis, Lev"]
[Black "Sidorenko, Ilya"]
[Result "1-0"]
[WhiteElo "2455"]
[BlackElo "2395"]
[Annotator "ChessBase"]
[PlyCount "63"]
[EventDate "2019.01.04"]
[EventType "team-tourn"]
[EventCountry "ISR"]
[SourceTitle "playchess.com"]
[Source "ChessBase"]
[SourceQuality "1"]
[TimeControl "40/5400+30:1800+30"]

1. Nf3 {[%emt 0:00:00]} Nf6 {[%emt 0:00:12]} 2. c4 {[%emt 0:00:00]} g6 {[%emt 0:01:53]} 3. Nc3 {[%emt 0:00:21]} Bg7 {[%emt 0:00:29]} 4. e4 {[%emt 0:00:11]} d6 {[%emt 0:00:29]} 5. d4 {[%emt 0:00:07]} O-O {[%emt 0:00:08]} 6. Be2 {[%emt 0:00:08]} e5 {[%emt 0:05:05]} 7. O-O {[%emt 0:01:18]} Nbd7 {[%emt 0:02:29]} 8. d5 {[%emt 0:01:31]} c6 {[%emt 0:02:03]} 9. Qc2 {[%emt 0:02:01]} Qc7 {[%emt 0:00:30]} 10. Rd1 {[%emt 0:05:16]} a5 {[%emt 0:06:13]} 11. Bg5 {[%emt 0:19:26]} h6 {[%emt 0:14:12]} 12. Bd2 {[%emt 1:05:41]} Nc5 {[%emt 0:06:34]} 13. Be3 {[%emt 0:00:00]} cxd5 {[%emt 0:06:07]} 14. Nxd5 {[%emt 0:00:00]} Nxd5 {[%emt 0:01:38]} 15. Bxc5 {[%emt 0:00:00]} Qxc5 {[%emt 0:05:19]} 16. Rxd5 {[%emt 0:00:00]} Qc7 {[%emt 0:00:01]} 17. Rad1 {[%emt 0:00:00]} Be6 {[%emt 0:03:13]} 18. Rxd6 {[%emt 0:00:00]} Rfc8 {[%emt 0:00:01]} 19. a4 {[%emt 0:00:00]} Bf8 {[%emt 0:05:13]} 20. R6d2 {[%emt 0:00:00]} Kh7 {[%emt 0:11:51]} 21. b3 {[%emt 0:00:00]} g5 {[%emt 0:07:08]} 22. h3 {[%emt 0:00:00]} Bc5 {[%emt 0:00:40]} 23. Nh2 {[%emt 0:00:00]} Bb4 {[%emt 0:04:06]} 24. Rd3 {[%emt 0:00:00]} b5 {[%emt 0:02:52]} 25. axb5 {[%emt 0:00:00]} a4 {[%emt 0:00:02]} 26. Bg4 {[%emt 0:01:59]} axb3 {[%emt 0:01:09]} 27. Qxb3 {[%emt 0:02:06]} Qxc4 {[%emt 0:01:04]} 28. Bxe6 {[%emt 0:00:11]} fxe6 {[%emt 0:00:08]} 29. Ng4 {[%emt 0:01:02]} Qxb3 {[%emt 0:00:42]} 30. Rxb3 {[%emt 0:00:01]} Bc3 {[%emt 0:02:17]} 31. b6 {[%emt 0:00:18]} Rab8 {[%emt 0:00:48]} 32. Rc1 {[%emt 0:00:32]} 1-0

[Event "ISR-chT 2019"]
[Site "Israel"]
[Date "2019.02.08"]
[Round "3.17"]
[White "Psakhis, Lev"]
[Black "Sidorenko, Ilya"]
[Result "*"]
[WhiteElo "2455"]
[BlackElo "2395"]
[Annotator "RC"]
[PlyCount "20"]
[EventDate "2019.01.04"]
[EventType "team-tourn"]
[EventCountry "ISR"]
[SourceTitle "playchess.com"]
[Source "ChessBase"]
[SourceQuality "1"]
[TimeControl "40/5400+30:1800+30"]

1. Nf3 {[%emt 0:00:00]} Nf6 {[%emt 0:00:12]} 2. c4 {[%emt 0:00:00]} g6 {[%emt 0:01:53]} 3. Nc3 {[%emt 0:00:21]} Bg7 {[%emt 0:00:29]} 4. e4 {[%emt 0:00:11]} d6 {[%emt 0:00:29]} 5. d4 {[%emt 0:00:07]} O-O {[%emt 0:00:08]} 6. Be2 {[%emt 0:00:08]} e5 {[%emt 0:05:05]} 7. O-O {[%emt 0:01:18]} Nbd7 {[%emt 0:02:29]} 8. Qc2 {[%emt 0:01:31]} c6 {[%emt 0:02:03]} 9. Rd1 {[%emt 0:02:01]} Qc7 {[%emt 0:02:32]} 10. d5 {[%emt 0:05:16]} a5 {[%emt 0:04:11]} *

[Event "ISR-chT 2019"]
[Site "Israel"]
[Date "2019.02.08"]
[Round "3.18"]
[White "Iliaguev, Nisim"]
[Black "Mikhalevski, Alexander"]
[Result "1-0"]
[WhiteElo "2354"]
[BlackElo "2430"]
[Annotator "TA"]
[PlyCount "129"]
[EventDate "2019.01.04"]
[EventType "team-tourn"]
[EventCountry "ISR"]
[SourceTitle "playchess.com"]
[Source "ChessBase"]
[SourceQuality "1"]

{[%evp 14,129,14,17,11,-36,-36,-16,9,-16,-12,-56,-51,-40,0,0,23,31,43,33,23,13,72,67,72,39,275,55,48,44,41,18,19,19,38,31,65,64,108,18,103,106,144,118,204,148,239,178,152,152,152,152,185,165,182,190,181,181,216,177,175,178,189,179,171,167,88,8,10,0,0,0,8,8,8,0,8,0,402,400,382,375,432,400,524,486,1384,1206,5097,3560,1270,8,6456,6382,29967,29969,29968,29970,29970,29971,29971,29972,29972,29973,29973,29974,29974,29974,29975,29976,29979,29975,29980,29979,29993,29994,29995,29996]} 1. d4 d5 2. c4 e6 3. Nf3 Nf6 4. g3 dxc4 5. Bg2 a6 6. O-O Nc6 7. a4 Rb8 8. a5 Bb4 {E04: Open Catalan: 5 Nf3} 9. Bd2 (9. Qa4 O-O 10. Ne5 Qxd4 11. Bxc6 Bd6 12. Nxc4 bxc6 13. Rd1 Qc5 14. Nbd2 Rb4 15. Qc2 Ng4 16. Rf1 Bb7 17. Kg2 Qh5 18. h3 c5+ 19. Nf3 Ne5 20. Ncxe5 Qxe5 21. Ra4 Rxa4 {0-1 (21) Glavina,P (2460)-Gharamian,T (2658) France 2010}) 9... Bxd2 10. Qxd2 b5 {The position is equal.} 11. axb6 (11. b3 $5) 11... cxb6 12. Ne5 Nxe5 13. dxe5 Nd5 (13... Nd7 {feels hotter.} 14. Rd1 Qc7 15. f4 b5 16. Nc3 Qb6+) 14. Rd1 Qc7 $146 (14... Bb7 {seems wilder.} 15. Nc3 Nxc3 16. Qxc3 Qc7 17. Bxb7 Rxb7 18. Rxa6 O-O) ({Predecessor:} 14... Bb7 15. Nc3 Qe7 16. Nxd5 exd5 17. Bxd5 Bxd5 18. Qxd5 {½-½ (40) Goller,A (1968)-Toelly,M (2145) St Veit 2018}) 15. Nc3 O-O 16. Nxd5 exd5 17. Qxd5 b5 (17... a5 $11) 18. Qd6 $16 Qa7 19. h4 Rb6 $2 ({Black should play} 19... a5 $14) 20. Qc5 $2 ({White has to play} 20. Bc6 $1 $18 {Threatening mate with Qxf8+!} g6 21. Qd4) 20... Rb7 $14 21. Qxa7 (21. Qa3 {with more complications.} Rc7 22. Rd6 h6 23. Bc6 Qb6 24. Be4) 21... Rxa7 22. Rd6 g6 23. f4 $36 {[%mdl 2048] Black is under pressure.} Kg7 24. Bd5 Re8 25. Kf2 Rc7 26. e4 (26. Ke3 $16) 26... Ree7 (26... c3 $11 {keeps the balance.}) 27. Rc1 $16 Ra7 28. Ke3 Rec7 (28... a5 $16 {was necessary.}) 29. Kd4 Bd7 (29... Bg4 $16 30. Ra1 a5) 30. Rf1 b4 {[#]} 31. Rc1 $1 (31. Bxc4 $2 Rxc4+ 32. Kxc4 Bb5+ 33. Kxb4 Bxf1 $17) 31... c3 32. bxc3 {[%cal Bb2c3,Bc3c4,Bc4c5][%mdl 32]} a5 33. c4 a4 34. Rb6 b3 35. c5 Be6 36. c6 ({Don't play} 36. Bxe6 $6 fxe6 37. Ra1 h6) 36... a3 37. Rxb3 {Threatens to win with Rb6.} ({Not} 37. Bxb3 Bxb3 38. Rxb3 a2 $15) 37... a2 38. Ra1 Rxc6 39. Bxc6 Bxb3 $18 {[%mdl 4096] Endgame [#] KRB-KRB} 40. Kc3 (40. Bd5 $1 $16 {[%cal Rd5b3]} Bxd5 41. exd5) 40... Be6 $11 {Hoping for ...Rc7.} 41. Kb2 Ra5 42. Rd1 Bg4 43. Rc1 Be6 44. Ka1 Kh6 45. Bd5 Ra3 $2 {[%mdl 8192]} (45... Kh5 $11 {and Black is okay.}) 46. Bxe6 $18 fxe6 {KR-KR} 47. Rc6 Rxg3 48. Rxe6 Re3 49. f5 {[%cal Bf4f5,Bf5f6][%mdl 32]} Rxe4 (49... Kg7 $142 50. f6+ (50. Kxa2 Kf7 $11) 50... Kf7 51. Re7+ Kf8) 50. f6 Rxh4 51. Re8 Rf4 52. Rg8 $2 (52. Rf8 $18 {aiming for e6.} Re4 53. Rh8) 52... Rf2 $2 {[%mdl 8192]} (52... Kg5 $11) 53. e6 Rxf6 54. e7 {White mates.} Re6 55. e8=Q Rxe8 56. Rxe8 Kg5 57. Kxa2 {KR-KPP} Kf4 58. Kb2 h5 59. Kc2 h4 60. Kd2 Kf3 61. Ke1 Kg2 62. Re2+ Kg1 63. Re5 h3 64. Rg5+ Kh1 65. Kf2 {Precision: White = 61%, Black = 34%.} 1-0

[Event "ISR-chT 2019"]
[Site "Israel"]
[Date "2019.02.08"]
[Round "3.19"]
[White "Boruchovsky, Avital"]
[Black "Sivuk, Vitaly"]
[Result "0-1"]
[WhiteElo "2525"]
[BlackElo "2519"]
[Annotator "TA"]
[PlyCount "86"]
[EventDate "2019.01.04"]
[EventType "team-tourn"]
[EventCountry "ISR"]
[SourceTitle "playchess.com"]
[Source "ChessBase"]
[SourceQuality "1"]

{[%evp 9,86,-9,23,0,0,0,0,0,38,45,59,71,41,47,53,50,57,46,36,0,0,-72,-62,-206,-233,-230,-260,-241,-241,-262,-256,-254,-251,-244,0,0,0,0,0,-53,0,-36,-36,-110,-77,-170,-177,-158,-140,-295,-279,-239,-217,-335,-172,-166,-161,-572,-564,-882,-505,-952,-491,-673,-776,-912,-892,-1071,-1031,-29992,-29993,-29993,-29963,-29989,-29990,-29994,-29995,-29995,-29992]} 1. Nf3 ({Predecessor:} 1. d4 e6 2. g3 Nf6 3. Bg2 d5 4. Nf3 b5 5. a4 {0-1 (31) Fayard,A (2202)-Seymour,T (2093) London 2012}) 1... Nf6 $146 (1... d5 2. g3 Nf6 3. Bg2 e6 4. d4 b5 5. a4 {1-0 (37) Kovchan,A (2575)-Korobov,A (2698) Kiev 2018}) 2. d4 e6 3. g3 b5 4. a4 b4 5. Bg2 d5 6. O-O {A46: 1 d4 Nf6 2 Nf3 e6: Torre, London and Colle Systems} (6. c4 bxc3 7. Nxc3 Bb4 8. O-O O-O 9. Bf4 a5 10. Rc1 c6 11. Ne5 Ba6 12. Na2 Bd6 {1-0 (37) Kovchan,A (2575)-Korobov,A (2698) Kiev 2018}) 6... Ba6 7. Nbd2 {[%cal Bb1d2,Bd2b3,Bb3d4][%mdl 32]} c5 ({Predecessor:} 7... Nbd7 8. Re1 c5 9. e4 dxe4 10. Nxe4 Nxe4 11. Rxe4 Bb7 12. Re1 Be7 {0-1 (31) Fayard,A (2202)-Seymour,T (2093) London 2012}) 8. Re1 {The position is equal.} Nc6 9. e4 cxd4 ({Not} 9... Nxd4 $2 10. Nxd4 cxd4 11. exd5 $18) 10. exd5 Nxd5 11. Nb3 Be7 12. Nfxd4 Nxd4 13. Nxd4 Bb7 $1 14. c4 bxc3 15. Qg4 (15. Qb3 $11 {remains equal.} Rb8 16. bxc3) 15... Nf6 $36 {[%mdl 2048] Black has the initiative.} 16. Qxg7 (16. Qh3 $15 Bxg2 17. Qxg2) 16... Rg8 $19 17. Qxg8+ Nxg8 18. Bxb7 Qxd4 19. Bxa8 {Threatens to win with bxc3.} cxb2 20. Bxb2 Qxb2 21. Rab1 {[#]} Qg7 $2 (21... Qd4 $1 $19 {...Bc5 is the strong threat.} 22. Rb8+ Bd8) 22. Bc6+ $11 Kd8 {Hoping for ...Bc5.} 23. Red1+ Kc7 24. Bf3 (24. Rbc1 $11 Kb6 25. Be4) 24... Ba3 ({Black should try} 24... Bc5 $1 $15) 25. Rb3 Bc5 $1 26. Rb7+ Kc8 27. Rc1 (27. Rdd7 $17 Qe5 28. Kg2) 27... Qd4 $19 28. Rc2 {With the idea Rb5.} Nf6 {aiming for ...Nd7.} 29. Kg2 $2 (29. Rxf7 $17 Nd7 30. Kg2) 29... Ne4 30. Rxf7 {And now Rf4 would win.} Qd3 ({Stronger than} 30... Nxf2 31. Bb7+ Kb8 32. Rcxf2 $16) 31. Rb2 (31. Rc1 $142) 31... Nd2 (31... Ng5 $142 32. Rf4 Nxf3 33. Rxf3 Qd5) 32. Bb7+ Kd8 {[%csl Gd2][%cal Rd3f1] [#]} 33. h4 $2 (33. Ba6 $1 {[%mdl 512]} Qd5+ (33... Qxa6 34. Rb8+) 34. f3) 33... Ke8 34. Rf4 {and if Bc6+ works, White does fine.} Ke7 35. Bc6 (35. Ba6 $142 Qd5+ 36. f3) 35... Kd6 36. Ba8 e5 37. Rf8 Ke6 38. Re8+ Kf6 39. Rbb8 Qf1+ {Black mates.} 40. Kh2 e4 41. Bxe4 Nxe4 42. Rxe4 Qxf2+ 43. Kh3 Qf5+ {Accuracy: White = 32%, Black = 69%.} 0-1

[Event "ISR-chT 2019"]
[Site "Israel"]
[Date "2019.02.08"]
[Round "3.20"]
[White "Steinberg, Nitzan"]
[Black "Grinberg, Eyal"]
[Result "1-0"]
[WhiteElo "2530"]
[BlackElo "2470"]
[Annotator "TA"]
[PlyCount "179"]
[EventDate "2019.01.04"]
[EventType "team-tourn"]
[EventCountry "ISR"]
[SourceTitle "playchess.com"]
[Source "ChessBase"]
[SourceQuality "1"]

{[%evp 9,179,11,26,16,43,25,43,24,34,46,42,26,68,14,9,0,10,0,4,-25,0,-23,-13,-59,-45,-75,-76,-61,-71,-150,-69,-91,-91,-118,-25,-24,-16,-47,-30,-83,-8,-8,0,-8,0,0,27,35,29,28,40,40,40,40,40,40,42,40,39,39,39,39,45,29,30,22,80,39,54,0,81,0,48,21,20,20,23,20,27,37,46,46,46,46,46,46,46,46,46,46,46,46,46,46,46,46,93,106,70,39,39,39,39,8,39,39,39,39,39,39,39,39,145,145,145,145,145,145,145,145,249,248,208,145,1651,1680,1298,1014,29950,29953,29944,694,577,390,29942,29948,29966,29964,29963,29939,29953,29956,29963,29967,29970,29962,29955,29957,29969,29965,29978,29973,29977,29977,29976,29976,29980,29974,29986,29980,29980,29981,29981,29982,29982,29983,29983,29983,29984,29985,29985,29986]} 1. e4 c5 2. Nf3 d6 3. Bb5+ Nd7 4. O-O a6 5. Bd3 (5. Bxd7+ Bxd7 6. d4 cxd4 7. Qxd4 e5 8. Qd3 h6 9. a4 Nf6 10. a5 Be7 11. c4 b5 12. axb6 Qxb6 13. Nc3 O-O 14. Be3 Qb7 15. h3 Rfc8 16. Nd2 Be6 17. Rfb1 a5 18. b3 Ra6 19. Ra2 Bd7 20. Rba1 {½-½ (20) Wang,H (2730)-Nepomniachtchi,I (2763) St Petersburg 2018}) 5... Ngf6 6. c3 {B51: Sicilian: Moscow Variation (3 Bb5+) without 3...Bd7} g6 7. Bc2 Bg7 8. d4 {White is slightly better.} Qc7 9. Re1 e5 10. a4 O-O 11. Bg5 (11. d5 $14) 11... h6 $11 12. Bh4 Rb8 $146 13. Na3 b5 14. Qe2 c4 15. Rad1 Re8 16. Bg3 Nh5 17. Bb1 Nxg3 18. hxg3 Nf6 19. b3 (19. Qd2 $142) 19... Qa5 ({Black should try} 19... exd4 $17 20. cxd4 d5 21. axb5 axb5) 20. bxc4 Qxa4 (20... bxa4 21. c5 $11) 21. Qb2 Bg4 (21... b4 $17 22. cxb4 Rxb4) 22. cxb5 axb5 {White should prevent ...b4.} 23. Bc2 Qa5 24. Bd3 (24. Rb1 $11) 24... exd4 (24... d5 $1 $17 {White must now prevent ...exd4.} 25. dxe5 Nd7 26. Bxb5 Bf8) 25. cxd4 b4 26. Nc4 Qc7 {Threatens to win with ...Nxe4!} 27. Rc1 Qd8 28. e5 dxe5 29. Nfxe5 {Strongly threatening Nc6.} Rc8 30. Ne3 (30. Qxb4 Qxd4 31. Qb1 Be6 $15) (30. Nxg4 Nxg4 31. Rxe8+ Qxe8 $17) 30... Rxc1 31. Rxc1 Be6 32. Bb5 Rf8 33. Qxb4 Nd5 34. Nxd5 Qxd5 35. Bc6 Qa2 36. Re1 Rd8 37. Qb6 Rf8 (37... Rc8 $11) 38. Qc5 Rd8 39. Qb6 (39. d5 $5 Bxd5 40. Nxg6 $1 $14 {[%mdl 512]}) 39... Rf8 40. Qc5 Rd8 41. Bf3 Qd2 42. Rd1 Qg5 43. Qc3 (43. Qb5 {seems wilder.} Bf6 44. Qb2 Bxe5 45. dxe5 Rc8 46. Qd4) 43... Bxe5 44. dxe5 Rxd1+ 45. Bxd1 Qd8 46. Be2 h5 47. Qb4 Qc7 48. Qf4 Qc3 49. Kh2 Qe1 50. Bd3 {Hoping for Qf6.} Qc3 51. Be4 Qd4 52. f3 {[%cal Bf2f3,Bf3f4][%mdl 32]} Qc4 {[#]} 53. Qh6 $1 Qa2 54. f4 Bd5 55. Bxd5 Qxd5 $14 {[%mdl 4096] Endgame [#] KQ-KQ} 56. f5 $1 {[%mdl 512]} Qxe5 (56... gxf5 57. Qg5+) 57. fxg6 fxg6 58. Qxg6+ Kf8 59. Kh3 Qe1 {[%cal Re1h1]} 60. Qf5+ Kg8 ({Better is} 60... Kg7 $14 61. Kh4 (61. Qxh5 Qh1+ 62. Kg4 Qd1+ 63. Kh4 Qh1+ 64. Kg5 Qc1+ 65. Kf5 Qc2+ 66. Kf4 Qd2+ 67. Kg4 Qd1+ 68. Kh4 Qh1+ 69. Kg5 Qc1+ 70. Kh4 Qh1+ $11) 61... Qh1+ 62. Qh3 Qd1) 61. Kh4 $16 (61. Qxh5 $6 Qh1+ 62. Kg4 Qd1+ 63. Kh4 Qh1+ 64. Kg5 Qc1+ 65. Kh4 Qh1+ 66. Kg4 Qd1+ 67. Kh4 Qh1+ $11) 61... Qh1+ 62. Qh3 Qe1 63. Qc8+ ({Much weaker is} 63. Kxh5 $6 Qe5+ 64. Kg4 Qe4+ 65. Kh5 Qe5+ 66. Kh4 Qe7+ 67. Kh5 Qe5+ $11) 63... Kf7 64. Qf5+ ({Don't play} 64. Kxh5 $6 Qe5+ 65. Kh4 Qf6+ 66. Kh3 Qh6+ 67. Kg4 Qg6+ 68. Kf3 Qf6+ 69. Ke4 Qe7+ 70. Kf4 Qd6+ 71. Kg5 Qg6+ 72. Kf4 Qd6+ 73. Kg5 Qg6+ 74. Kf4 Qd6+ $11) 64... Ke7 (64... Kg7 $16 65. Kxh5 Qe8+ 66. Kh4 Qe1) 65. Kxh5 $18 ({Don't take} 65. Qxh5 $6 Qh1+ 66. Kg5 Qxg2) 65... Qh1+ 66. Qh3 Qf1 $2 {[%mdl 8192]} (66... Qa1 $16) 67. Qh4+ Kd7 68. Qg4+ Ke7 69. Qe4+ Kd7 70. Kg6 (70. g4 $142 Qh1+ 71. Kg6 Kd6 72. g5 Qc1 73. Qd4+ Ke6 74. Qf6+ Kd7 75. Qf5+ Kd8 76. Kf7 Qc7+ 77. Kg8 Qc4+ 78. Kg7 Qc7+ 79. Qf7) 70... Qa6+ 71. Kg5 Qa2 $2 (71... Kc8 $18 72. g4 Qd6) 72. g4 {White mates.} Qd2+ 73. Kh5 Qd1 74. Qf3 Qh1+ 75. Kg6 Qh2 76. g5 Qd6+ 77. Kh5 Qe5 78. Kh4 Qe1+ 79. g3 Qd2 80. Qf5+ Ke7 81. Qe4+ Kd7 82. g6 Qd6 83. Qf5+ Kd8 84. g7 Qh6+ 85. Qh5 Qxg7 86. Qg5+ Qe7 87. g4 Ke8 88. Qxe7+ Kxe7 89. Kg5 Kf8 90. Kg6 {Precision: White = 51%, Black = 44%.} 1-0

[Event "ISR-chT 2019"]
[Site "Israel"]
[Date "2019.02.08"]
[Round "3.21"]
[White "Givon, Asaf"]
[Black "Rechlis, Gad"]
[Result "1/2-1/2"]
[WhiteElo "2465"]
[BlackElo "2526"]
[Annotator "TA"]
[PlyCount "73"]
[EventDate "2019.01.04"]
[EventType "team-tourn"]
[EventCountry "ISR"]
[SourceTitle "playchess.com"]
[Source "ChessBase"]
[SourceQuality "1"]

{[%evp 16,73,24,27,22,22,24,13,22,0,20,0,0,0,0,0,0,0,0,0,0,0,0,0,0,0,-61,-14,0,0,172,187,164,152,239,246,265,247,206,176,178,174,161,166,145,0,209,146,143,106,220,198,132,0,0,0,91,0,0,0]} 1. e4 c5 2. Nf3 Nc6 3. Bb5 g6 4. Bxc6 dxc6 5. d3 Bg7 6. h3 Nf6 7. Nc3 Nd7 8. Be3 e5 9. Qd2 h6 {B31: Sicilian: 2...Nc6 3 Bb5 g6} 10. O-O b6 11. Nh2 (11. a3 Nf8 12. b4 Ne6 13. bxc5 f5 14. exf5 gxf5 15. Qe1 O-O 16. Rb1 e4 17. dxe4 {0-1 (36) Wang,H (2730)-Carlsen,M (2835) St Petersburg 2018}) 11... Nf8 12. f4 exf4 13. Rxf4 Be6 {[#]} 14. Rf2 $146 ({Predecessor:} 14. Raf1 g5 {0-1 (47) Santos Ruiz,M (2523)-Lagarde,M (2616) Stockholm 2018}) 14... g5 15. Raf1 Qd6 16. a4 a5 ({Predecessor:} 16... Nd7 17. Nf3 {0-1 (47) Santos Ruiz,M (2523)-Lagarde,M (2616) Stockholm 2018}) 17. Ng4 O-O-O 18. e5 Bxe5 19. Ne4 Qc7 20. b4 $36 {[%mdl 2048] White has good play.} (20. Nxe5 $11 Qxe5 21. Bxc5 bxc5 22. Qxa5) 20... axb4 $15 {[#]} 21. a5 $1 {[%cal Ra5b6][%mdl 512]} Bd4 (21... bxa5 22. Nxe5) 22. Bxd4 cxd4 $2 (22... Rxd4 $11 23. axb6 Qxb6) 23. axb6 $18 Qxb6 24. Ne5 Ng6 (24... f5 $16 {is a better defense.} 25. Rxf5 Bxf5 26. Rxf5 Ne6) 25. Nxf7 Bxf7 26. Rxf7 Rhf8 27. Qe2 {Black must now prevent Qg4+.} Kb8 {...Nf4 would now be nice for Black.} 28. Rxf8 Rxf8 29. Rxf8+ Nxf8 30. Nxg5 ({Better is} 30. Qh5 $16 Ne6 31. Qxh6) 30... Nd7 $2 (30... hxg5 $11 {and Black is okay.} 31. Qe8+ Ka7 32. Qxf8 Ka6) 31. Qe8+ {[%mdl 64] Double Attack} Kc7 32. Nf7 {And now Qd8+ would win.} c5 (32... Qb8 $16 33. Qxb8+ (33. Qe7 Qf8 $16) 33... Nxb8) 33. Qd8+ Kc6 {[#]} 34. Qa8+ ({White should play} 34. Qe7 $1 $16 {[%cal Re7d6]} Kc7 35. Kf2) 34... Kc7 $11 35. Qd8+ (35. g4 $11) 35... Kc6 $16 36. Qa8+ (36. Qe7 $16 {Qd6+ is the strong threat.} Kc7 37. Qd8+) 36... Kc7 $11 37. Qd8+ {Accuracy: White = 58%, Black = 59%.} 1/2-1/2

[Event "ISR-chT 2019"]
[Site "Israel"]
[Date "2019.02.08"]
[Round "3.22"]
[White "Manor, Ilan"]
[Black "Mindlin, Alon"]
[Result "1-0"]
[WhiteElo "2472"]
[BlackElo "2462"]
[Annotator "TA"]
[PlyCount "115"]
[EventDate "2019.01.04"]
[EventType "team-tourn"]
[EventCountry "ISR"]
[SourceTitle "playchess.com"]
[Source "ChessBase"]
[SourceQuality "1"]

{[%evp 14,115,25,10,59,57,66,47,60,46,71,61,67,45,45,41,55,22,28,0,4,0,0,9,37,31,44,44,54,27,62,9,62,0,47,40,120,119,123,142,199,165,158,145,160,145,144,137,181,167,162,181,198,202,260,244,294,276,287,297,282,271,445,435,504,155,128,133,106,92,109,83,117,116,222,207,211,216,433,431,425,415,383,300,289,288,281,272,383,367,382,312,306,281,444,402,390,382,439,436,441,330,978,947]} 1. d4 Nf6 2. c4 e6 3. Nf3 Bb4+ 4. Bd2 Qe7 5. g3 Nc6 6. Bg2 Bxd2+ 7. Nbxd2 d6 8. Nf1 d5 {E11: Bogo-Indian} (8... O-O 9. Ne3 Qd8 10. O-O Ne7 11. Qc2 Bd7 12. Nd1 Rc8 13. b4 Bc6 14. Nc3 Bxf3 15. Bxf3 c6 16. Qb3 d5 {½-½ (48) Ehlvest,J (2622)-Seirawan,Y (2647) Bali 2000}) 9. N1d2 O-O 10. O-O Rd8 {White is slightly better.} 11. e3 Bd7 12. Rc1 Be8 13. cxd5 $146 ({Predecessor:} 13. Qb3 Rab8 14. Qc3 Ne4 15. Nxe4 dxe4 16. Nd2 {1-0 (24) Sumets,A (2461)-Ostrovskiy,A (2403) Alushta 2006}) 13... exd5 14. Qb3 a5 15. Rc5 a4 16. Qc3 Qd6 17. Rc1 Nd7 18. Rb5 Nb6 19. Bf1 a3 20. b3 Rdc8 21. Bh3 Rd8 22. Qc5 (22. Rc5 $14) 22... Qh6 ({Better is} 22... Nb8 $11) 23. Kg2 ({White should play} 23. Bg2 $14) 23... Rd6 24. Nh4 {Black must now prevent Nf5.} Ne7 {[#]} (24... Qf6 $14) 25. Ra5 $1 $16 {[%cal Ra5a8]} Rxa5 26. Qxa5 Bc6 (26... Rc6 $16) 27. Qa7 Rd8 {aiming for ...Ra8.} 28. Qxa3 $40 {[%mdl 128] White has strong attack.} Qf6 29. Nhf3 Ra8 30. Qb2 h5 31. Ne5 g5 {Black wants to play ...g4.} 32. Kg1 g4 33. Bg2 Nf5 34. a4 Nc8 35. b4 Rxa4 36. b5 Be8 37. Rxc7 Nb6 $2 (37... Ncd6 38. Bxd5 Ra5) 38. Rxb7 $18 Ra8 39. e4 $2 (39. Nc6 $18 {has better winning chances.} Nc4 40. Nxc4 dxc4 41. Rc7) 39... Na4 $16 40. Qb4 Qd6 41. Nc6 Qxb4 42. Nxb4 Nxd4 {[#]} 43. b6 $1 {[%cal Bb5b6,Bb6b7][%mdl 32]} Bb5 (43... dxe4 $16 {keeps fighting.} 44. h4 (44. Bxe4 Rd8 $16) (44. Nxe4 Nxb6 45. h4 gxh3 $14) 44... f5) 44. Bf1 ({Don't take} 44. exd5 $6 Nxb6 45. h4 (45. Rxb6 Ra1+ 46. Bf1 Bxf1 $11) 45... gxh3 $16) 44... Bxf1 45. Kxf1 dxe4 $2 (45... Nf3) 46. Rd7 $18 Nf3 47. b7 Nxd2+ 48. Ke2 Rb8 49. Nc6 ({And not} 49. Kxd2 Nc5 $11) 49... Rxb7 50. Rxb7 {[%mdl 4096] Endgame KRN-KNN} Nc4 (50... Nf3 {was called for.} 51. Ke3 Kg7) 51. Ne7+ Kg7 52. Nd5 Nd6 53. Rd7 Ne8 (53... Nb5 $142 54. Nf4 Nc5) 54. Ra7 Nc5 55. Nf4 Nf6 56. Ra5 Nb3 57. Nxh5+ Kh6 $2 (57... Nxh5 58. Rxh5 f5) 58. Ra6 {Accuracy: White = 62%, Black = 23%.} ({Not} 58. Nxf6 Nxa5 59. Nxg4+ Kg5 $16) 1-0